000
00198nam a22000977a 4500
008
210707s2005 xx 000 0 und d
041
_a
eng
082
_a
052 COBR
245
_a
Cobra
260
_c
2005
999
_c
179724
_d
179724